Más allá de la seguridad democrática : (Registro nro. 5855)
[ vista simple ]
| 000 -LEADER | |
|---|---|
| fixed length control field | 01463nam a2200301Ia 4500 |
| 003 - CONTROL NUMBER IDENTIFIER | |
| control field | OSt |
| 005 - DATE AND TIME OF LATEST TRANSACTION | |
| control field | 20200401122032.0 |
| 008 - FIXED-LENGTH DATA ELEMENTS--GENERAL INFORMATION | |
| fixed length control field | 191128s2010 ck gr 000 0 spa d |
| 020 ## - INTERNATIONAL STANDARD BOOK NUMBER | |
| International Standard Book Number | 9789587163711 |
| 040 ## - CATALOGING SOURCE | |
| Original cataloging agency | CO-JMCR |
| Transcribing agency | CO-JMCR |
| 041 0# - LANGUAGE CODE | |
| Language code of text/sound track or separate title | spa |
| 082 04 - DEWEY DECIMAL CLASSIFICATION NUMBER | |
| Classification number | 320.9861 / |
| Item number | P293m |
| 100 1# - MAIN ENTRY--PERSONAL NAME | |
| Personal name | Pastrana Buelvas, Eduardo, |
| Relator term | editor |
| 9 (RLIN) | 2361 |
| 245 10 - TITLE STATEMENT | |
| Title | Más allá de la seguridad democrática : |
| Remainder of title | agenda hacia nuevos horizontes / |
| Statement of responsibility, etc. | editores Eduardo Pastrana Buelvas, Stefan Jost y Martha Lucía Márquez Restrepo |
| 250 ## - EDITION STATEMENT | |
| Edition statement | Primera edición |
| 260 ## - PUBLICATION, DISTRIBUTION, ETC. | |
| Place of publication, distribution, etc. | Bogotá : |
| Name of publisher, distributor, etc. | Pontificia Universidad Javeriana, |
| Date of publication, distribution, etc. | 2010 |
| 300 ## - PHYSICAL DESCRIPTION | |
| Extent | 535 páginas ; |
| Dimensions | 25 cm. |
| 504 ## - BIBLIOGRAPHY, ETC. NOTE | |
| Bibliography, etc. note | Bibliografía: páginas |
| 505 0# - FORMATTED CONTENTS NOTE | |
| Formatted contents note | La agenda interna -- Los desafíos políticos -- Construyendo lo social -- Espacio y gobernabilidad del territorio -- La agenda internacional -- Cuestiones globales y regionales -- Retos geográficos |
| 520 ## - SUMMARY, ETC. | |
| Summary, etc. | La política de la seguridad democrática se ha convertido en los últimos años en el referente de la política colombiana. Sus éxitos se traducen fundamentalmente en la recuperación por parte del Estado del control del territorio. |
| 650 14 - SUBJECT ADDED ENTRY--TOPICAL TERM | |
| Topical term or geographic name entry element | Democracia |
| Geographic subdivision | Colombia |
| 9 (RLIN) | 2362 |
| 650 14 - SUBJECT ADDED ENTRY--TOPICAL TERM | |
| Topical term or geographic name entry element | Paz |
| Geographic subdivision | Colombia |
| 9 (RLIN) | 2363 |
| 650 14 - SUBJECT ADDED ENTRY--TOPICAL TERM | |
| Topical term or geographic name entry element | Reconciliación |
| Geographic subdivision | Colombia |
| 9 (RLIN) | 2364 |
| 650 14 - SUBJECT ADDED ENTRY--TOPICAL TERM | |
| Topical term or geographic name entry element | Conflicto armado |
| Geographic subdivision | Colombia |
| 9 (RLIN) | 2365 |
| 700 1# - ADDED ENTRY--PERSONAL NAME | |
| Personal name | Jost, Stefan, |
| Relator term | editor |
| 9 (RLIN) | 2366 |
| 700 1# - ADDED ENTRY--PERSONAL NAME | |
| Personal name | Márquez Restrepo, Martha Lucía, |
| Relator term | editora |
| 9 (RLIN) | 2367 |
| 942 ## - ADDED ENTRY ELEMENTS (KOHA) | |
| Source of classification or shelving scheme | Dewey Decimal Classification |
| Koha item type | Books |
| Withdrawn status | Lost status | Source of classification or shelving scheme | Damaged status | Not for loan | Collection code | Home library | Current library | Date acquired | Source of acquisition | Cost, normal purchase price | Total Checkouts | Full call number | Barcode | Date last seen | Copy number | Koha item type |
|---|---|---|---|---|---|---|---|---|---|---|---|---|---|---|---|---|
| Dewey Decimal Classification | Non-fiction | Biblioteca Pública José María del Castillo y Rada | Biblioteca Pública José María del Castillo y Rada | 04/15/2018 | Donación | 0.00 | 320.9861 / P293m | 430006040 | 05/16/2024 | Ej.1 | Books |